|
|
|
|
| LEADER |
00000naa2a2200000 4500 |
| 001 |
96736 |
| 005 |
20231031110648.0 |
| 035 |
|
|
|a (RuTPU)RU\TPU\book\103592
|
| 090 |
|
|
|a 96736
|
| 100 |
|
|
|a 20060518d2005 k y0rusy50 ca
|
| 101 |
0 |
|
|a rus
|
| 102 |
|
|
|a RU
|
| 200 |
1 |
|
|a Обучение профессионально-ориентированному общению студентов специальности "Маркетинг" на основе рекламных материалов
|f А. А. Дашковская
|
| 320 |
|
|
|a Библиогр.: 1 назв.
|
| 463 |
|
0 |
|0 (RuTPU)RU\TPU\book\96152
|t Ч. 1
|v С. 210-216.
|d 2005
|p 312 с.
|
| 610 |
1 |
|
|a общение
|
| 610 |
1 |
|
|a профессиональное общение
|
| 610 |
1 |
|
|a студенты
|
| 610 |
1 |
|
|a обучение
|
| 610 |
1 |
|
|a специальности
|
| 610 |
1 |
|
|a маркетинг
|
| 610 |
1 |
|
|a реклама
|
| 610 |
1 |
|
|a иностранные языки
|
| 610 |
1 |
|
|a языковая подготовка
|
| 610 |
1 |
|
|a труды учёных ТПУ
|
| 700 |
|
1 |
|a Дашковская
|b А. А.
|
| 801 |
|
1 |
|a RU
|b 63413507
|c 20060518
|g PSBO
|
| 942 |
|
|
|c BK
|